000 01052nac a22002411u 4500
008 100907t xxu||||| |||| 00| 0 eng d
010 _a 99226516
020 _a9054102365
035 _a(DLC)251779
082 0 0 _a624.15136
_bSOR
100 _aSorokina, G. V.
_918468
245 1 0 _aEngineering Properties of Weak Soils at Foundations of Buildings /
_cG.V. Sorokina.
260 _aRotterdam ;
_aBrookfield, VT :
_bA.A. Balkema,1995
_c1995.
300 _aviii, 214 p. :
_bill. ;
_c25 cm.
490 1 _aGeotechnika
_v12
_918469
500 _aTranslation of: Stroitel'nie svoistva slabikh gruntov v osnovanii sooruzhenii.
504 _aIncludes bibliographical references (p. [211]-214).
650 0 _aSoil mechanics
_xMathematical models.
_918470
650 0 _aFoundations
_xMathematical models.
_918471
830 0 _aGeotechnika (Rotterdam, Netherlands) ;
_918472
942 _cBB
_k624.15136SOR
_2ddc
999 _c3986
_d3986